ARRUPE JESUIT UNIVERSITY

CORONAVIRUS -STOP THE SPREAD - CLEAN,DISINFECT,COVER
Normal view MARC view

Entry Topical Term

Number of records used in: 1

001 - CONTROL NUMBER

  • control field: 22656

003 - CONTROL NUMBER IDENTIFIER

  • control field: ARRUPE

005 - DATE AND TIME OF LATEST TRANSACTION

  • control field: 20160301154302.0

008 - FIXED-LENGTH DATA ELEMENTS

  • fixed length control field: 160301|| aca||aabn | a|a d

040 ## - CATALOGING SOURCE

  • Original cataloging agency: ARRUPE
  • Transcribing agency: ARRUPE

150 ## - HEADING--TOPICAL TERM

  • Topical term or geographic name as entry element: Thomism

670 ## - SOURCE DATA FOUND

  • Source citation: Work cat.: (ARRUPE): Russman, Thomas A. (ed.) 22653, Thomistic papers. v, 1990

 

Arrupe Library. PO Box MP320 Mt Pleasant, Harare, Zimbabwe
263 242 745411|librarian@aju.ac.zw